000 00393nam a22001457a 4500
999 _c7692
_d7690
005 20210320140002.0
008 210320b ||||| |||| 00| 0 eng d
082 _a346.066
100 _aAIYAR, A.N.
_96466
245 _aCOMPANY CASES THE CORPORATE LAW WEEKLY [176]
260 _aCHENNAI
_bCOMPANY LAW INSTITUTE OF INDIA
_c2013
300 _a560,i- xxxii,p
650 _aLAW
_95701
942 _cJRL